Pharmacognosy (Record no. 8419)

MARC details
000 -LEADER
fixed length control field 00316nam a2200133Ia 4500
008 - FIXED-LENGTH DATA ELEMENTS--GENERAL INFORMATION
fixed length control field 191201s2018 xx 000 0 und d
082 ## - DEWEY DECIMAL CLASSIFICATION NUMBER
Classification number 615.321 KOP
100 ## - MAIN ENTRY--PERSONAL NAME
Personal name KOKATE,C.K
245 #0 - TITLE STATEMENT
Title Pharmacognosy
260 ## - PUBLICATION, DISTRIBUTION, ETC. (IMPRINT)
Name of publisher, distributor, etc Nirali Prakashan
Place of publication, distribution, etc New Delhi
Date of publication, distribution, etc 2018
300 ## - PHYSICAL DESCRIPTION
Extent MISC
650 ## - SUBJECT ADDED ENTRY--TOPICAL TERM
Topical term or geographic name as entry element Pharmacognosy
942 ## - ADDED ENTRY ELEMENTS (KOHA)
Source of classification or shelving scheme Dewey Decimal Classification
Koha item type Text Books
Holdings
Withdrawn status Lost status Source of classification or shelving scheme Damaged status Not for loan Collection code Home library Current library Date acquired Source of acquisition Cost, normal purchase price Bill Number Total Checkouts Full call number Acc. no. / Barcode Checked out Date last seen Date last borrowed Actual Cost, discounted price Bill Date Koha item type Shelving location
    Dewey Decimal Classification     Diploma in Pharmacy PIET C-LIBRARY PIET C-LIBRARY 03/09/2019 Kirti Prakashan 750.00 IN4776 3 615.321 KOP DP835 19/12/2022 05/12/2022 05/12/2022 562.50 03/09/2019 Text Books  
    Dewey Decimal Classification     Diploma in Pharmacy PIET C-LIBRARY PIET C-LIBRARY 03/09/2019 Kirti Prakashan 750.00 IN4776 3 615.321 KOP DP836 23/10/2026 06/04/2026 06/04/2026 562.50 03/09/2019 Text Books  
    Dewey Decimal Classification     Diploma in Pharmacy PIET C-LIBRARY PIET C-LIBRARY 03/09/2019 Kirti Prakashan 750.00 IN4776   615.321 KOP DP837   13/12/2019   562.50 03/09/2019 Reference Books Ref. Sec. R04
    Dewey Decimal Classification     Diploma in Pharmacy PIET C-LIBRARY PIET C-LIBRARY 03/09/2019 Kirti Prakashan 750.00 IN4776 2 615.321 KOP DP838   26/12/2022 15/12/2022 562.50 03/09/2019 Text Books  
    Dewey Decimal Classification     Diploma in Pharmacy PIET C-LIBRARY PIET C-LIBRARY 03/09/2019 Kirti Prakashan 750.00 IN4776 4 615.321 KOP DP839 24/07/2026 05/01/2026 05/01/2026 562.50 03/09/2019 Text Books  

Design & Developed by: PIET Central Library
R70 Miles Stone Pattikalyana Samalkha Panipat 132102
mail ID :- [email protected], Phone No:- 0180-2569700 Ex.216